| 000 | 00479nam a2200193Ia 4500 | ||
|---|---|---|---|
| 005 | 20250425161414.0 | ||
| 008 | 250425s9999 xx 000 0 und d | ||
| 020 | _a0070584486 | ||
| 041 | _aeng | ||
| 082 | _a621.462 | ||
| 100 | _aSMEATON, ROBERT W. | ||
| 245 | 0 | _aMOTOR APPLICATION AND MAINTENANCE HANDBOOK | |
| 250 | _a2ND ED. | ||
| 260 |
_aEstados Unidos _bMGRAW-HILL _c1987 |
||
| 260 | _aNEW YORK | ||
| 650 | _aMOTORES ELECTRICOS | ||
| 942 | _c01 | ||
| 010 | _a19569 | ||
| 999 |
_c208579 _d208579 |
||